| 000 | 00497nam a2200145Ia 4500 | ||
|---|---|---|---|
| 008 | 231221s9999 xx 000 0 und d | ||
| 020 | _a978-1-4419-1216-9 | ||
| 041 | _aEnglish | ||
| 100 | _aAleksandar Zecevic, Dragoslav D. Siljak | ||
| 245 | 0 | _aControl of Complex Systems | |
| 260 |
_c2010 _bSpringer US _aNew York |
||
| 440 | _aCommunications and Control Engineering | ||
| 650 | _aControl, Robotics, Mechatronics; Vibration, Dynamical Systems, Control; Systems Theory, Control | ||
| 942 | _cEB | ||
| 999 |
_c226401 _d226401 |
||